Concelhos de Portalegre no mapa - Statistics

Estatísticas Gerais
  • Esse quiz foi jogado 97 vezes
  • A pontuação média é 9 de 15
Respostas no mapa
Respostas codificadas por cores de uma escala verde-vermelha no mapa do quiz de acordo com a % correta abaixo.
 
Estatísticas das Respostas
Resposta % Correto
Elvas
75%
Ponte de Sor
71%
Gavião
64%
Nisa
64%
Portalegre
64%
Campo Maior
61%
Fronteira
57%
Marvão
57%
Monforte
57%
Sousel
57%
Castelo de Vide
54%
Alter do Chão
50%
Avis
46%
Crato
46%
Arronches
43%
Nenhum quiz correspondente encontrado
Distribuição das Pontuações
Porcentagem de Pessoas com Cada Pontuação
Percentil de Números Respondidos
Sua Pontuação Histórica
Você não jogou esse quiz